El contrato de confirming
Na minha lista:
| Autor principal: | |
|---|---|
| Formato: | Livro |
| Idioma: | espanhol |
| Publicado em: |
Granada
Comares
2011
|
| Edição: | 1a. ed |
| Colecção: | Biblioteca Comares de Ciencia Jurídica
Mercatura. Colección Estudios de Derecho Mercantil, 41 |
| Assuntos: | |
| Tags: |
Adicionar Tag
Sem tags, seja o primeiro a adicionar uma tag!
|
MARC
| LEADER | 00000cam a2200000 a 4500 | ||
|---|---|---|---|
| 001 | UCD4599 | ||
| 003 | CL-VaPUC | ||
| 008 | 160713e20110000sp |||||||||||||||||spa|d | ||
| 020 | |a 9788498368642 | ||
| 082 | 0 | 4 | |a 346.02 |b GRI |2 21 |
| 100 | 0 | |a Grimaldos García, María Isabel |e author |9 588323 | |
| 245 | 1 | 3 | |a El contrato de confirming |
| 250 | |a 1a. ed | ||
| 300 | |a 155 p | ||
| 942 | |c BK | ||
| 945 | |d 20160713 20:53:00 |a arojas | ||
| 260 | |a Granada |b Comares |c 2011 | ||
| 650 | 0 | |a Contratos |9 255153 | |
| 650 | 0 | |a Obligaciones |9 255578 | |
| 650 | 0 | |a Acreedor |9 388863 | |
| 583 | |a last modification |c 20160713 20:53:00 |k Rodrigo Vera | ||
| 490 | 0 | |a Biblioteca Comares de Ciencia Jurídica | |
| 490 | 0 | |a Mercatura. Colección Estudios de Derecho Mercantil, 41 | |
| 999 | |c 365482 |d 365480 | ||
| 952 | |0 0 |1 0 |3 erb |4 0 |6 346_020000000000000_GRI_2011 |7 0 |8 A |9 479356 |a BIBDER |b BIBDER |i 5296919 |o 346.02 GRI 2011 |p 5296919 |r 2023-01-25 |w 2019-11-24 |y BK |z Catalogado en:20160713 |k DER | ||